000 00390nam a2200157Ia 4500
008 221030s9999 xx 000 0 und d
020 _a8123902662
041 _aEnglish
082 _a105.23
_bVer
100 _aR. M. Verma
245 0 _aAnalytical Chemistry Theory & Practice
_cby R. M. Verma
260 _bCBS Pub
_aNew Delhi
_c1997
300 _a143
650 _aChemistry
942 _cBK
999 _c6704
_d6704